[Event "Aeroflot Open"]
[Site "Moscow RUS"]
[Date "2002.02.05"]
[Round "2"]
[White "Ehlvest,J"]
[Black "Zubarev,A1"]
[Result "1-0"]
[WhiteElo "2589"]
[BlackElo "2480"]

1.e4 c5 2.Nf3 Nc6 3.d4 cxd4 4.Nxd4 e6 5.Nb5 d6 6.c4 Be7 7.N1c3 a6 8.Na3 Nf6
9.Be2 O-O 10.O-O b6 11.Be3 Bb7 12.Qb3 Nd7 13.Rfd1 Nc5 14.Qc2 Qc7 15.Rac1 Bf6
16.Nab1 Rac8 17.a3 Qb8 18.f3 Rfe8 19.Bf1 Ne5 20.b4 Ncd7 21.Qb3 Bc6 22.a4 Be7
23.Na3 Red8 24.Nc2 a5 25.bxa5 bxa5 26.Qa2 Nc5 27.Rb1 Qa8 28.Nb5 d5 29.cxd5 exd5
30.Bd4 Ng6 31.Ne3 dxe4 32.Bc4 Be8 33.Nd5 exf3 34.Nbc7 Qc6 35.Bb5 Qd6 36.Bxe8 Rxe8
37.Nxe8 Rxe8 38.Nxe7+ Qxe7 39.Qf2 Ne4 40.Qxf3 h6 41.Re1 Qe6 42.Rbd1 f5 43.Qf1 Kh7
44.Rc1 Rd8 45.Be3 Ne5 46.Red1 Rxd1 47.Qxd1  1-0

[Event "Aeroflot Open"]
[Site "Moscow RUS"]
[Date "2002.02.06"]
[Round "3"]
[White "Riazantsev,A"]
[Black "Ehlvest,J"]
[Result "1/2-1/2"]
[WhiteElo "2511"]
[BlackElo "2589"]

1.d4 Nf6 2.Nf3 e6 3.c4 d5 4.Nc3 Be7 5.cxd5 exd5 6.Bg5 c6 7.Qc2 g6 8.e3 Bf5
9.Bd3 Bxd3 10.Qxd3 Nbd7 11.O-O O-O 12.Qe2 Re8 13.Rab1 a5 14.Rfc1 Nb6 15.Nd2 Ne4  1/2-1/2

[Event "Aeroflot Open"]
[Site "Moscow RUS"]
[Date "2002.02.09"]
[Round "7"]
[White "Tunik,G"]
[Black "Ehlvest,J"]
[Result "1-0"]
[WhiteElo "2469"]
[BlackElo "2589"]

1.d4 e6 2.c4 b6 3.Nc3 Bb4 4.Qc2 c5 5.Nf3 Nf6 6.dxc5 bxc5 7.g3 Ba6 8.Bg2 Bxc4
9.Nd2 Bd5 10.Nxd5 Nxd5 11.a3 Bxd2+ 12.Qxd2 O-O 13.Bxd5 exd5 14.Qxd5 Qb6 15.O-O Nc6
16.Be3 Qxb2 17.Ra2 Qb7 18.Bxc5 Rfe8 19.Bd6 Re6 20.e3 h6 21.Rd1 Rc8 22.Rc2 Rce8
23.h4 Qa6 24.Qc4 Qa5 25.Rd5 Qb6 26.Bf4 Re4 27.Qb5 Qxb5 28.Rxb5 Ra4 29.Rc3 Ra6
30.Rd3 Rd8 31.Rbd5 Kf8 32.Bd6+ Ke8 33.h5 f6 34.Kg2 Rc8 35.Bf4 Ra5 36.Rxd7 Rxa3
37.R3d6 Ne7 38.Rb7 Ra2 39.Re6  1-0

[Event "Aeroflot Open"]
[Site "Moscow RUS"]
[Date "2002.02.09"]
[Round "8"]
[White "Ehlvest,J"]
[Black "Shushpanov,R"]
[Result "1-0"]
[WhiteElo "2589"]
[BlackElo "2460"]

1.d4 Nf6 2.Nf3 e6 3.c4 Bb4+ 4.Bd2 Qe7 5.g3 Nc6 6.Bg2 Bxd2+ 7.Nbxd2 d6 8.Nf1 h5
9.Ne3 Ng4 10.Nc2 Bd7 11.Rc1 a5 12.Qd2 e5 13.h3 Nf6 14.Ne3 Ne4 15.Qc2 exd4
16.Nd5 Nb4 17.Qd1 Nxd5 18.cxd5 Nc5 19.Qxd4 O-O 20.e3 Bb5 21.Bf1 Qe8 22.b3 Bd7
23.Be2 b5 24.Qh4 f6 25.Kf1 Qf7 26.Qd4 b4 27.Kg2 Rae8 28.Rxc5 dxc5 29.Qxc5 Qe7
30.Qc2 Qd6 31.Rd1 Re7 32.Nd4 h4 33.gxh4 Rd8 34.Nc6 Rde8 35.Nxe7+ Rxe7 36.Rd4 f5
37.Bf3 Rf7 38.Qc4 Kh7 39.Kh1 Rf6 40.Bg2 f4 41.Rxf4 Rxf4 42.exf4 Bf5 43.Be4 Qxf4
44.Bxf5+ Qxf5 45.Kg2 Qe5 46.Kf3 Kh8 47.Kg4 Qc3 48.Qf4 Kg8 49.h5 Qc2 50.h6 gxh6
51.Qf5 Qc3 52.Kh5  1-0

[Event "FIDE GP"]
[Site "Dubai UAE"]
[Date "2002.04.03"]
[Round "1.4"]
[White "Bacrot,E"]
[Black "Ehlvest,J"]
[Result "1-0"]
[WhiteElo "2649"]
[BlackElo "2589"]

1.d4 e6 2.c4 Bb4+ 3.Bd2 Qe7 4.Nf3 b6 5.e4 Bb7 6.Bd3 Bxd2+ 7.Nbxd2 d6 8.O-O Nd7
9.b4 Nh6 10.a4 a5 11.bxa5 Rxa5 12.Nb3 Ra8 13.a5 O-O 14.Qc2 c5 15.d5 Ng4 16.h3 Ngf6
17.Rfb1 exd5 18.exd5 Rfb8 19.Bf5 g6 20.Bxd7 Nxd7 21.axb6 Rxa1 22.Rxa1 Nxb6
23.Re1 Qf8 24.Na5 Ba8 25.Qe4 Nd7 26.Qe7 Rd8 27.Ng5 Ne5 28.Qxf8+ Rxf8 29.Rb1 Rd8
30.Rb6 Nxc4 31.Nxc4 Bxd5 32.Rxd6 Rxd6 33.Nxd6 c4 34.Nb5 f6 35.Nf3 Bxf3 36.gxf3 Kf7
37.Nd6+ Ke6 38.Nxc4  1-0

[Event "FIDE GP"]
[Site "Dubai UAE"]
[Date "2002.04.03"]
[Round "1.2"]
[White "Bacrot,E"]
[Black "Ehlvest,J"]
[Result "1/2-1/2"]
[WhiteElo "2649"]
[BlackElo "2589"]

1.d4 d5 2.c4 e6 3.Nc3 Be7 4.cxd5 exd5 5.Bf4 Nf6 6.e3 O-O 7.Bd3 c5 8.Nf3 Nc6
9.dxc5 Bxc5 10.O-O d4 11.Na4 Bd6 12.Bxd6 Qxd6 13.exd4 Rd8 14.Be2 Nxd4 15.Nxd4 Qxd4
16.Qxd4 Rxd4 17.Rfd1 Rxd1+ 18.Rxd1 Bd7 19.Nc3  1/2-1/2

[Event "FIDE GP"]
[Site "Dubai UAE"]
[Date "2002.04.03"]
[Round "1.1"]
[White "Ehlvest,J"]
[Black "Bacrot,E"]
[Result "1/2-1/2"]
[WhiteElo "2589"]
[BlackElo "2649"]

1.e4 c5 2.Nf3 Nc6 3.d4 cxd4 4.Nxd4 e6 5.Nb5 d6 6.c4 Nf6 7.N1c3 a6 8.Nd4 Be7
9.Be2 O-O 10.O-O d5 11.exd5 exd5 12.cxd5 Nxd5 13.Nxc6 bxc6 14.Nxd5 cxd5 15.Be3 a5
16.Bf3 Ba6 17.Re1 Bb4 18.Bd2 Bc5 19.Bc3 d4 20.Bxa8 dxc3 21.Bd5 Qf6 22.bxc3 Bxf2+  1/2-1/2

[Event "FIDE GP"]
[Site "Dubai UAE"]
[Date "2002.04.03"]
[Round "1.3"]
[White "Ehlvest,J"]
[Black "Bacrot,E"]
[Result "1/2-1/2"]
[WhiteElo "2589"]
[BlackElo "2649"]

1.d4 d5 2.c4 c6 3.e3 Nf6 4.Nf3 e6 5.Bd3 Nbd7 6.O-O Bd6 7.Nc3 O-O 8.h3 e5
9.cxd5 cxd5 10.dxe5 Nxe5 11.b3 Qe7 12.Nd4 Nc6 13.Ncb5 Nxd4 14.exd4 Re8 15.Nxd6 Qxd6
16.Qf3 Ne4 17.Bf4 Qf6 18.Bxe4 Rxe4 19.Rfe1 Qxd4 20.Qg3 Qf6 21.Rxe4 dxe4 22.Rc1 Bd7
23.Rd1 Bc6 24.Be5 Qg6 25.Qxg6 hxg6 26.Bc7 f6 27.Rd8+ Rxd8 28.Bxd8 Kf7 29.Kf1 g5
30.Ke2 Ke6 31.Ba5 Bb5+ 32.Ke3 Bf1 33.g3 Kf5 34.Bc3 Bxh3 35.a4 Bg4 36.b4 Bd1
37.a5 a6 38.Bd4 Ba4 39.Bc5 Bc6 40.Bf8 Kg6 41.Bd6 Kf7 42.Kd4 g6 43.Bc7 Ke7
44.Ke3 Kd7 45.Bb6 Ke6 46.Bd8 Ke5 47.Be7 g4 48.Bd8 f5 49.Bg5 Kd5 50.Be7 Kc4
51.Bf8 g5 52.Be7 Kc3 53.Bd6 Bd7 54.Be7  1/2-1/2

[Event "Open"]
[Site "Dubai UAE"]
[Date "2002.04.15"]
[Round "1"]
[White "Alibaev,A"]
[Black "Ehlvest,J"]
[Result "0-1"]
[WhiteElo "2317"]
[BlackElo "2589"]

1.c4 e6 2.Nc3 b6 3.d4 Bb4 4.Qc2 c5 5.dxc5 bxc5 6.a3 Bxc3+ 7.Qxc3 Nf6 8.Bg5 Nc6
9.Nf3 h6 10.Bxf6 Qxf6 11.Qxf6 gxf6 12.e3 Ke7 13.O-O-O Rb8 14.Kc2 Rb6 15.Nd2 d6
16.b3 Bd7 17.Be2 Rhb8 18.f4 a5 19.Bf3 a4 20.bxa4 Na5 21.Rb1 Nxc4 22.Rxb6 Bxa4+
23.Kc3 Nxb6 24.Rb1 d5 25.g4 Kd6 26.h4 Kc7 27.g5 fxg5 28.fxg5 hxg5 29.hxg5 Rg8
30.Rg1 Nd7 31.Bh5 Ne5 32.Nf3 Nxf3 33.Bxf3 Kd6 34.Bh5 Ke7 35.Rb1 Rxg5 36.Rb7+ Bd7
37.Bxf7 Rg3 38.Kd2 Rg2+ 39.Kc3 Re2 40.Kd3 Ra2 41.Ra7 Kxf7 42.Rxd7+ Kf6 43.Ra7 Ke5
44.a4 c4+ 45.Kc3 Ra3+  0-1

[Event "Open"]
[Site "Dubai UAE"]
[Date "2002.04.16"]
[Round "2"]
[White "Ehlvest,J"]
[Black "Vokarev,S"]
[Result "1/2-1/2"]
[WhiteElo "2589"]
[BlackElo "2507"]

1.c4 Nf6 2.Nc3 d5 3.cxd5 Nxd5 4.g3 g6 5.Bg2 Nb6 6.d3 Bg7 7.Be3 O-O 8.Qd2 Re8
9.Bh6 Bh8 10.Rc1 e5 11.h4 c6 12.h5 N8d7 13.hxg6 hxg6 14.Nf3 Nf6 15.Bg5 Bg7
16.Bh6 Bh8 17.Ng5 Ng4 18.Nge4 Nxh6 19.Qxh6 Bg7 20.Qh7+ Kf8 21.O-O Nd5 22.a3 Bg4
23.Bh3 Bxh3 24.Qxh3 f5 25.Nxd5 cxd5 26.Nc5 b6 27.Na6 Rc8 28.e4 dxe4 29.dxe4 Rxc1
30.Rxc1 Qd2 31.Qf1 fxe4 32.Nc7 Re7 33.Rd1 Qc2 34.Rd8+ Kf7 35.Nd5 Qd2 36.Qb1 e3
37.fxe3 Qe2 38.Qf1+ Qxf1+ 39.Kxf1 Re8 40.Rxe8 Kxe8 41.e4 Kd7 42.Ke2 b5 43.Kd3  1/2-1/2

[Event "Open"]
[Site "Dubai UAE"]
[Date "2002.04.17"]
[Round "3"]
[White "El Taher,F"]
[Black "Ehlvest,J"]
[Result "0-1"]
[WhiteElo "2502"]
[BlackElo "2589"]

1.e4 c5 2.Nf3 e6 3.d4 cxd4 4.Nxd4 Nf6 5.Nc3 d6 6.g3 a6 7.Bg2 Be7 8.O-O Qc7
9.a4 Nc6 10.Be3 O-O 11.h3 Ne5 12.g4 h6 13.Qe2 Nc4 14.Bc1 Bd7 15.Kh1 Rac8
16.f4 Nh7 17.Qf2 Qd8 18.Rd1 Qa5 19.Nb3 Qc7 20.Nd4 Rfe8 21.b3 Na5 22.Bb2 Nc6
23.Nde2 Qb8 24.Rd2 b5 25.axb5 axb5 26.Rad1 Rc7 27.Ng1 b4 28.Na4 Na5 29.Nb6 Bc6
30.Ra1 Ra7 31.Bd4 Bf6 32.Rad1 Ra6 33.Be3 Bd8 34.Ra1 Nf6 35.e5 Bxg2+ 36.Qxg2 dxe5
37.fxe5 Qxe5 38.Bd4 Qb5 39.Na4 Nc6 40.Bb2 Nd5 41.Qf3 Bf6 42.Bxf6 Nxf6 43.Ne2 Raa8
44.Rad1 Rac8 45.Ng3 Ne5 46.Qg2 Nd5 47.Qe4 Nd7 48.Qf3 N7f6 49.Ne2 e5 50.Rxd5 Nxd5
51.Rxd5 e4 52.Qxf7+ Kxf7 53.Rxb5 Rxc2 54.Ng3 e3 55.Rf5+ Kg8 56.Rf1 e2 57.Re1 Re3
58.Kh2 Rxb3 59.Kg2 Ra3 60.Nb6 b3  0-1

[Event "Open"]
[Site "Dubai UAE"]
[Date "2002.04.19"]
[Round "5"]
[White "Timofeev,Ar"]
[Black "Ehlvest,J"]
[Result "0-1"]
[WhiteElo "2539"]
[BlackElo "2589"]

1.e4 d6 2.d4 g6 3.Nc3 c6 4.f4 d5 5.Nf3 Bg4 6.h3 Bxf3 7.Qxf3 e6 8.Bd3 Nf6
9.e5 Nfd7 10.Ne2 c5 11.c4 Nb6 12.cxd5 Nxd5 13.Be4 Nc6 14.Bxd5 exd5 15.O-O cxd4
16.f5 Nxe5 17.Qg3 Nc6 18.Bg5 Be7 19.Bh6 Qd6 20.Qf3 gxf5 21.Bf4 Qg6 22.Qxd5 Rg8
23.Ng3 Rd8 24.Qb5 Rd7 25.Rf3 h5 26.Rf2 d3 27.Re1 Nd4 28.Qe5 Kf8 29.Qb8+ Kg7
30.Qxa7 Bh4 31.Re3 Kh7 32.Rxd3 Ne2+ 33.Rxe2 Rxd3 34.Nf1 Qc6 35.Qa5 b5 36.Qa7 Rg7
37.Kh2 Qc4 38.Qb8 Rxh3+ 39.Kxh3 Qxe2 40.Ne3 Bf2  0-1

[Event "Open"]
[Site "Dubai UAE"]
[Date "2002.04.22"]
[Round "6"]
[White "Ehlvest,J"]
[Black "Acs,P"]
[Result "1-0"]
[WhiteElo "2589"]
[BlackElo "2526"]

1.d4 Nf6 2.c4 e6 3.Nf3 d5 4.e3 Be7 5.b3 O-O 6.Bd3 dxc4 7.bxc4 c5 8.O-O b6
9.e4 Bb7 10.d5 exd5 11.exd5 Ne8 12.Qc2 h6 13.Nc3 Nd6 14.Re1 Na6 15.a3 Nc7
16.Bf4 Re8 17.h3 b5 18.Rab1 Rb8 19.cxb5 c4 20.Bf1 Bf6 21.Rxe8+ Ncxe8 22.Ne5 Bxe5
23.Bxe5 Bc8 24.Qd2 Bf5 25.Re1 Rb7 26.a4 Bg6 27.Bd4 Nf6 28.Qf4 Rd7 29.g4 Nfe4
30.Nxe4 Nxe4 31.Rxe4 Rxd5 32.Bc3  1-0

[Event "Open"]
[Site "Dubai UAE"]
[Date "2002.04.24"]
[Round "8"]
[White "Ehlvest,J"]
[Black "Goloshchapov,A"]
[Result "1/2-1/2"]
[WhiteElo "2588"]
[BlackElo "2543"]

1.c4 Nf6 2.Nf3 g6 3.Nc3 d5 4.Qa4+ Bd7 5.Qb3 dxc4 6.Qxc4 Bg7 7.e4 Bc6 8.Bd3 Nbd7
9.Bc2 e5 10.O-O O-O 11.Rd1 Qe7 12.d4 exd4 13.Nxd4 Bxe4 14.Nxe4 Nxe4 15.Bf4 Nec5
16.Nb5  1/2-1/2

[Event "Open"]
[Site "Dubai UAE"]
[Date "2002.04.25"]
[Round "9"]
[White "Ehlvest,J"]
[Black "Volkov,S"]
[Result "1/2-1/2"]
[WhiteElo "2588"]
[BlackElo "2609"]

1.d4 d5 2.c4 c6 3.Nf3 Nf6 4.cxd5 cxd5 5.Nc3 Nc6 6.Bf4 a6 7.e3 Bg4 8.Be2 e6
9.Ne5 Bxe2 10.Qxe2 Rc8 11.O-O Bd6 12.Nd3  1/2-1/2

[Event "3rd IECC"]
[Site "Batumi GEO"]
[Date "2002.06.12"]
[Round "1"]
[White "Zhukova,N"]
[Black "Ehlvest,J"]
[Result "1-0"]
[WhiteElo "2425"]
[BlackElo "2588"]

1.d4 d5 2.c4 c6 3.Nc3 Nf6 4.e3 a6 5.Bd3 b5 6.cxd5 cxd5 7.Nf3 Bg4 8.h3 Bh5
9.a4 b4 10.Na2 Nc6 11.Bd2 Bxf3 12.Qxf3 e5 13.Qe2 Qb6 14.dxe5 Nxe5 15.O-O Be7
16.Nc1 O-O 17.Nb3 Ne4 18.Rfc1 Bf6 19.a5 Qd6 20.Rc2 Rfe8 21.Be1 h5 22.Rd1 Nxd3
23.Qxd3 Rad8 24.Rdc1 Re6 25.f3 Ng5 26.h4 Nh7 27.Nc5 Re7 28.Bxb4 Bxh4 29.Nxa6 Qg3
30.Bxe7 Bxe7 31.Rc8 Ng5 32.Kf1 h4 33.Rxd8+ Bxd8 34.Rc8 Ne6 35.Qxd5  1-0

[Event "3rd IECC"]
[Site "Batumi GEO"]
[Date "2002.06.15"]
[Round "4"]
[White "Ehlvest,J"]
[Black "Erdogan,H"]
[Result "1-0"]
[WhiteElo "2588"]
[BlackElo "2233"]

1.e4 c5 2.Nf3 d6 3.d4 cxd4 4.Nxd4 Nf6 5.Nc3 g6 6.Be3 Bg7 7.f3 Nc6 8.Qd2 Bd7
9.O-O-O Rc8 10.Kb1 Ne5 11.g4 h5 12.g5 Nh7 13.f4 Nc4 14.Bxc4 Rxc4 15.Qd3 Rc8
16.Nde2 Qa5 17.Bd4 O-O 18.Nd5 Rfe8 19.Bxg7 Kxg7 20.f5 Qc5 21.Nec3 b5 22.Nxe7 b4
23.Nxc8 bxc3 24.Nxd6 Rb8 25.b3 Bc6 26.h4 Kg8 27.Rh3 Rd8 28.Qxc3 Qxc3 29.Rxc3 Bxe4
30.f6 Nf8 31.Rc8 Rxc8 32.Nxc8 Ne6 33.Nxa7  1-0

[Event "3rd IECC"]
[Site "Batumi GEO"]
[Date "2002.06.17"]
[Round "6"]
[White "Ehlvest,J"]
[Black "Arutunian,D"]
[Result "1/2-1/2"]
[WhiteElo "2588"]
[BlackElo "2427"]

1.c4 e5 2.g3 Nf6 3.Bg2 d5 4.cxd5 Nxd5 5.Nf3 Nc6 6.O-O Be7 7.d4 e4 8.Ne5 f5
9.Nxc6 bxc6 10.Qc2 Qd7 11.Bd2 Ba6 12.Nc3 Bf6 13.Rfd1 O-O 14.Be1 Nb6 15.Rac1 Bc4
16.b3 Be6 17.e3 Be7 18.Ne2 Ba3 19.Rb1 a5 20.Nf4 Bf7 21.g4 Nd5 22.gxf5 Nxf4
23.exf4 Bd5 24.Bxe4 Bxe4 25.Qxe4 Rxf5 26.Bd2 Re8 27.Qf3 Ref8 28.Be3 Kh8 29.Re1 h6
30.Kh1 Bd6 31.Rbc1 Bxf4 32.Qxc6 Qf7 33.Rg1 Rh5 34.Rg2 Bd6 35.Qe4 Qf3 36.Qxf3 Rxf3
37.Rc6 Rfh3 38.Kg1 Bxh2+ 39.Kf1 Bd6 40.Ra6 Rf5 41.Bd2 Rh1+ 42.Rg1 Rh2 43.Rg2 Rh1+
44.Ke2 Ra1 45.a4 Rb1 46.Rxa5 Rxa5 47.Bxa5 Rxb3 48.Bd2 Bb4 49.Bf4 Bd6 50.Bxd6 cxd6
51.Rg6 Ra3 52.Rxd6 Rxa4 53.Ke3 Kg8 54.Ke4 Ra2 55.f4 Kf7 56.d5 g6 57.Rb6 Re2+
58.Kd4 Rf2 59.Ke5 Re2+ 60.Kd4 Rf2 61.Ke5  1/2-1/2

[Event "3rd IECC"]
[Site "Batumi GEO"]
[Date "2002.06.18"]
[Round "7"]
[White "Shanava,K"]
[Black "Ehlvest,J"]
[Result "0-1"]
[WhiteElo "2390"]
[BlackElo "2588"]

1.e4 g6 2.d4 d6 3.Nc3 c6 4.Bg5 Bg7 5.Qd2 b5 6.f4 b4 7.Nd1 Qb6 8.e5 f6 9.exf6 Nxf6
10.Nf2 c5 11.dxc5 dxc5 12.Bc4 Nc6 13.Nf3 Na5 14.Be2 O-O 15.O-O Be6 16.Ne5 Rad8
17.Qc1 Nd5 18.Nc4 Nxf4 19.Qxf4 Nxc4 20.Qh4 Rd4 21.Bg4 Bxg4 22.c3 Be2 23.cxd4 Bxd4
24.b3 Bxf1 25.Rxf1 Ne3 26.Re1 Ng4  0-1

[Event "3rd IECC"]
[Site "Batumi GEO"]
[Date "2002.06.20"]
[Round "8"]
[White "Ehlvest,J"]
[Black "Kekelidze,M"]
[Result "1-0"]
[WhiteElo "2588"]
[BlackElo "2477"]

1.e4 c5 2.Nf3 e6 3.d4 cxd4 4.Nxd4 a6 5.c4 Nf6 6.Nc3 Qc7 7.a3 Be7 8.Be3 d6
9.Rc1 O-O 10.Bd3 Nbd7 11.O-O b6 12.f4 Bb7 13.b4 Rfe8 14.g4 Nf8 15.g5 N6d7
16.Qh5 Rac8 17.Rf3 Qb8 18.Rh3 Qa8 19.e5 g6 20.Qh6 Bh1 21.Rc2 Bd8 22.exd6 f5
23.Nxf5 exf5 24.Bd4 Ne5 25.fxe5 Qb7 26.c5 b5 27.Rf2 Ne6 28.Be3 Bc6 29.Bc2 a5
30.Bb3 axb4 31.axb4 Ra8 32.Rxf5 gxf5 33.Bxe6+ Rxe6 34.Qxe6+ Qf7 35.Qxf7+ Kxf7
36.Rxh7+ Kg8 37.Rh6 Ra3 38.Bd4  1-0

[Event "3rd IECC"]
[Site "Batumi GEO"]
[Date "2002.06.21"]
[Round "9"]
[White "Shengelia,D"]
[Black "Ehlvest,J"]
[Result "1-0"]
[WhiteElo "2415"]
[BlackElo "2588"]

1.d4 Nf6 2.Nf3 e6 3.c4 c5 4.d5 d6 5.Nc3 exd5 6.cxd5 g6 7.h3 a6 8.a4 Bg7 9.e4 O-O
10.Bd3 Nh5 11.O-O Nd7 12.Be3 Re8 13.Qd2 Rb8 14.Rfe1 Ne5 15.Be2 Nxf3+ 16.Bxf3 b5
17.axb5 axb5 18.Bxh5 gxh5 19.Bg5 f6 20.Bh6 Rb7 21.Qf4 Qe7 22.Bxg7 Kxg7 23.Re3 Qe5
24.Rg3+ Kh8 25.Qh6 f5 26.exf5 Qxf5 27.Nxb5  1-0

[Event "3rd IECC"]
[Site "Batumi GEO"]
[Date "2002.06.23"]
[Round "11"]
[White "Izoria,Z"]
[Black "Ehlvest,J"]
[Result "1-0"]
[WhiteElo "2556"]
[BlackElo "2588"]

1.d4 c5 2.d5 f5 3.Nc3 Nf6 4.f3 g6 5.e4 d6 6.Bb5+ Bd7 7.exf5 gxf5 8.Nh3 Na6
9.Bxa6 bxa6 10.O-O Bg7 11.Ne2 O-O 12.Nef4 h6 13.c4 Ne8 14.Kh1 Bd4 15.Qe2 Kh7
16.Be3 Bh8 17.Rae1 Rf7 18.Qd2 Rb8 19.b3 a5 20.Ne6 Bxe6 21.dxe6 Rf6 22.Bxh6 Nc7
23.Ng5+ Kg8 24.Nf7 Qe8 25.Qg5+ Kh7 26.Qh4 Nxe6 27.Rxe6 Rxf7 28.Rfe1 Rb7 29.Bf8+ Kg8
30.Rg6+ Bg7 31.Bxg7 Rxg7 32.Rh6  1-0

[Event "3rd IECC"]
[Site "Batumi GEO"]
[Date "2002.06.26"]
[Round "13"]
[White "Delchev,A"]
[Black "Ehlvest,J"]
[Result "1/2-1/2"]
[WhiteElo "2550"]
[BlackElo "2588"]

1.e4 c5 2.Nf3 d6 3.d4 cxd4 4.Nxd4 Nf6 5.Nc3 e6 6.Be2 Be7 7.O-O Nc6 8.Kh1 a6
9.a4 O-O 10.f4 Bd7 11.Nb3 Na5 12.e5 Ne8 13.Nxa5 Qxa5 14.Bf3 Bc6 15.Qe1 Qc7
16.a5 Rc8 17.Be3 Bxf3 18.Rxf3 dxe5 19.Bb6 Qc6 20.fxe5 Nc7 21.Rd1 Nb5 22.Nxb5 Qxb5
23.Rb3 Qa4 24.Rd4 Rc4 25.Rxc4 Qxc4 26.Qd1 Qe4 27.Re3 Qc6 28.Rd3 Qb5 29.Rd7 Bb4
30.Qd4 Bxa5 31.Bc5 Rc8 32.b4 Qf1+ 33.Qg1 Qxg1+ 34.Kxg1 Bc7 35.Bd6 Bb6+ 36.Kf1 h5
37.Rxb7 Bd4 38.Ke2 Bb2 39.Kd3 Rc3+ 40.Kd2 Rc6 41.Rc7 Bc3+ 42.Kd3 Rxc7 43.Bxc7 Bxb4
44.Kc4 Bd2 45.Kc5 Kh7 46.c4 Kg6 47.Kd4 a5 48.Kd3 Bb4 49.Bd6 Kf5 50.c5 a4
51.c6 Ba5 52.c7 Bxc7 53.Bxc7 a3 54.Ba5 a2 55.Bc3 Kf4 56.Ke2 h4 57.Kf2 Ke4
58.Ke2 Kf4 59.Bb2 Ke4 60.g3 hxg3 61.hxg3 f6 62.exf6 gxf6 63.Ba1 e5 64.Bb2 f5
65.Kf2 f4  1/2-1/2

[Event "30th World Open"]
[Site "Philadelphia USA"]
[Date "2002.07.04"]
[Round "6"]
[White "Bartholomew,J"]
[Black "Ehlvest,J"]
[Result "0-1"]
[WhiteElo "2216"]
[BlackElo "2588"]

1.e4 g6 2.d4 d6 3.Nc3 c6 4.Be3 Nf6 5.f3 b5 6.a3 Nbd7 7.Qd2 Bb7 8.g4 h6 9.Nge2 a6
10.Ng3 c5 11.d5 Bg7 12.Be2 Nb6 13.h4 h5 14.g5 Nfd7 15.f4 Rb8 16.O-O O-O 17.Nd1 Qc7
18.Rc1 e6 19.dxe6 fxe6 20.f5 d5 21.Bf4 e5 22.Be3 d4 23.fxg6 Rxf1+ 24.Kxf1 Nf8
25.Bf2 Nxg6 26.Bxh5 Nxh4 27.Qe2 Rf8 28.b3 Bc8 29.Nb2 Qe7 30.Kg1 Qxg5 31.Re1 Bh3
32.Kh2 Be6 33.Rg1 Qh6 34.Rf1 Nf3+ 35.Kh1 Nh4 36.Qe1 Bg4 37.Kg1 Bxh5  0-1

[Event "30th World Open"]
[Site "Philadelphia USA"]
[Date "2002.07.05"]
[Round "7"]
[White "Ehlvest,J"]
[Black "Tegshsuren,E"]
[Result "1-0"]
[WhiteElo "2588"]
[BlackElo "2415"]

1.e4 c6 2.d4 d5 3.exd5 cxd5 4.c4 Nf6 5.Nc3 e6 6.Nf3 Bb4 7.cxd5 Nxd5 8.Qc2 Nc6
9.Bd3 Nf6 10.O-O O-O 11.Rd1 Be7 12.a3 Qa5 13.Bf4 a6 14.b4 Qd8 15.Rac1 Bd6
16.Be5 h6 17.Qe2 Nd5 18.Qe4 f5 19.Qe1 Bxe5 20.dxe5 Nxc3 21.Rxc3 Qe7 22.Bc4 Bd7
23.Rcd3 Rfd8 24.Rd6 Bc8 25.h3 Kh7  1-0

[Event "Saraybahce GP"]
[Site "Kocaeli TUR"]
[Date "2002.08.18"]
[Round "2"]
[White "Ehlvest,J"]
[Black "Ataman,A"]
[Result "1-0"]
[WhiteElo "2600"]
[BlackElo "2156"]

1.e4 c5 2.Nf3 Nc6 3.d4 cxd4 4.Nxd4 Nf6 5.Nc3 e5 6.Ndb5 d6 7.Bg5 a6 8.Na3 b5
9.Nd5 Be7 10.Bxf6 Bxf6 11.c3 Bg5 12.Nc2 Rb8 13.a4 bxa4 14.Ncb4 Bd7 15.Bxa6 Nxb4
16.Nxb4 Qa5 17.Qxd6 Rb6 18.Qd3 Be6 19.O-O Be7 20.Bc4 Bxb4 21.cxb4 Qxb4 22.Bxe6 fxe6
23.Qf3 Qb3 24.Qh5+ g6 25.Qh6 Rb7 26.Rac1 Rd7 27.Rc8+ Rd8 28.Rxd8+ Kxd8 29.Qg7  1-0

[Event "Saraybahce GP"]
[Site "Kocaeli TUR"]
[Date "2002.08.19"]
[Round "3"]
[White "Moldobaev,E"]
[Black "Ehlvest,J"]
[Result "0-1"]
[WhiteElo "2429"]
[BlackElo "2600"]

1.Nf3 g6 2.d4 d6 3.e4 Bg7 4.c3 Nf6 5.Bd3 O-O 6.O-O c5 7.dxc5 dxc5 8.Qc2 Nc6
9.Bf4 Nh5 10.Be3 b6 11.Nbd2 Qc7 12.Rfd1 Nf6 13.h3 Bb7 14.Nf1 Rad8 15.Ng3 Nd7
16.Be2 Nce5 17.Nh2 c4 18.f4 Bh6 19.Nhf1 Nd3 20.Bxd3 cxd3 21.Rxd3 Nc5 22.Rxd8 Rxd8
23.Rd1 Rxd1 24.Qxd1 Nxe4 25.Nxe4 Bxe4 26.Qd4 Bb7 27.f5 Bg7 28.Qa4 Bc6 29.Qc2 Bd7
30.fxg6 hxg6 31.Qe4 Bc6 32.Qd3 Bb7 33.a3 f5 34.Bg5 Kf7 35.h4 Qc6 36.Ne3 Qe4
37.Qd2 Be5 38.Nf1 Bd6 39.b4 Be5 40.Ne3 b5 41.Nf1 Bxc3 42.Qf2 Be1  0-1

[Event "LAT-EST Match"]
[Site "Riga LAT"]
[Date "2002.08.31"]
[Round "?"]
[White "Ehlvest,J"]
[Black "Kengis,E"]
[Result "1/2-1/2"]
[WhiteElo "2600"]
[BlackElo "2594"]

1.e4 c5 2.Nf3 e6 3.d4 cxd4 4.Nxd4 a6 5.c4 Nf6 6.Nc3 Qc7 7.a3 b6 8.Be3 Bb7
9.Bd3 Nc6 10.Nxc6 Bxc6 11.Rc1 Bc5 12.Qe2 Bxe3 13.Qxe3  1/2-1/2

[Event "Eu Blitz Ch"]
[Site "Panormo GRE"]
[Date "2002.10.02"]
[Round "2"]
[White "Ehlvest,J"]
[Black "Nielsen,PH"]
[Result "1-0"]
[WhiteElo "2600"]
[BlackElo "2620"]

1.e4 e5 2.Nf3 Nc6 3.Bb5 Nf6 4.O-O Nxe4 5.d4 Nd6 6.dxe5 Nxb5 7.a4 Nbd4 8.Nxd4 Nxd4
9.Qxd4 d5 10.Nc3 c6 11.Be3 Be7 12.f4 g6 13.e6 Bf6 14.exf7+ Kxf7 15.Qb4 Re8
16.Bf2 Qe7 17.Bc5 Qc7 18.a5 Bf5 19.Rf2 h5 20.h3 Re6 21.Raf1 h4 22.Ne2 Re4
23.Qa3 Rae8 24.Nc3 Re1 25.Bxa7 Rxf1+ 26.Rxf1 Bxc2 27.Qb4 Bf5 28.Bc5 Qd7 29.Bd4 Qe7
30.Bc5 Qd7 31.Kh2 d4 32.Na4 d3 33.Nb6 Qe6 34.Nc4 Kg8 35.Nd6 Rd8 36.Nxb7 Rb8
37.a6 Qe2 38.Rf2 Qd1 39.a7 Ra8 40.Nd6 d2 41.Rxd2 Qe1 42.Bf2 Qc1 43.Nxf5 gxf5
44.Rd7 Qf1 45.Qb3+ Kh8 46.Qf7  1-0

[Event "Eu Blitz Ch"]
[Site "Panormo GRE"]
[Date "2002.10.02"]
[Round "3"]
[White "Ehlvest,J"]
[Black "Volkov,S"]
[Result "1-0"]
[WhiteElo "2600"]
[BlackElo "2642"]

1.e4 e6 2.d4 d5 3.e5 c5 4.c3 Qb6 5.Nf3 Bd7 6.a3 a5 7.Be2 a4 8.O-O Nc6 9.Kh1 Nge7
10.Bd3 Na5 11.dxc5 Qxc5 12.Be3 Qc7 13.Nbd2 Ng6 14.Re1 Be7 15.Rc1 O-O 16.h4 Nc4
17.Bxc4 dxc4 18.h5 Nh8 19.h6 g6 20.Nxc4 Bc6 21.Bb6 Bxf3 22.Bxc7 Bxd1 23.Rcxd1 Bg5
24.Rd7 Bxh6 25.Bd6 Rfd8 26.Rxb7 g5 27.Nb6 Ra6 28.Re4 Ng6 29.c4 f5 30.Re1 Bf8
31.c5 Nf4 32.c6 Rxd6 33.exd6 Bxd6 34.Rd1 Nd5 35.Nxd5 exd5 36.c7  1-0

[Event "Eu Blitz Ch"]
[Site "Panormo GRE"]
[Date "2002.10.02"]
[Round "5"]
[White "Tzermiadianos,And"]
[Black "Ehlvest,J"]
[Result "0-1"]
[WhiteElo "2440"]
[BlackElo "2600"]

1.e4 c5 2.c3 g6 3.d4 cxd4 4.cxd4 d5 5.e5 Nc6 6.Nc3 Bg7 7.Bb5 f6 8.f4 Nh6
9.Nf3 Bg4 10.Be3 O-O 11.O-O Nf5 12.Qd2 fxe5 13.Bxc6 Nxe3 14.Qxe3 exf4 15.Bxd5+ Qxd5
16.Qxf4 Qd7 17.Qe4 Bxf3 18.Rxf3 Qxd4+ 19.Qxd4 Bxd4+ 20.Kf1 Rxf3+ 21.gxf3 Bxc3
22.bxc3 Rc8 23.Rc1 Rc4 24.Kf2 Kf7 25.Ke3 b5 26.Kd3 a6 27.Re1 Kf6 28.Re2 e5
29.Rf2 Kf5 30.Re2 g5 31.Re1 h5 32.Re2 Rh4 33.Rf2 Rh3 34.Ke2 Kf4 35.a3 Rh4
36.Kd2 Kf5 37.Kc2 Ra4 38.Kb3 Rf4 39.Kc2 Ke6 40.h3 Kf5 41.Kd2 Ra4 42.Kd3 Rxa3
43.Rf1 b4 44.Kc4 Rxc3+ 45.Kxb4 Re3  0-1

[Event "Eu Blitz Ch"]
[Site "Panormo GRE"]
[Date "2002.10.02"]
[Round "7"]
[White "Movsesian,S"]
[Black "Ehlvest,J"]
[Result "0-1"]
[WhiteElo "2651"]
[BlackElo "2600"]

1.e4 g6 2.d4 d6 3.Nc3 c6 4.f4 d5 5.e5 h5 6.Nf3 Bg4 7.Be2 Nh6 8.Be3 e6 9.g3 Nd7
10.Qd2 a6 11.h3 Bxf3 12.Bxf3 Nf5 13.Bf2 c5 14.dxc5 Bxc5 15.O-O-O Bxf2 16.Qxf2 Qb6
17.Qxb6 Nxb6 18.Ne2 Nd7 19.g4 Nh4 20.Nd4 Nxf3 21.Nxf3 Ke7 22.f5 gxf5 23.gxf5 Rhg8
24.f6+ Kd8 25.Rhg1 Kc7 26.Kd2 h4 27.Ke3 Rg3 28.Rxg3 hxg3 29.Rg1 Rg8 30.Kf4 g2
31.Ng5 Nxe5 32.Nxe6+ Kd6 33.Ng7 Rh8 34.Kg3 Nd7 35.Rxg2 Nxf6 36.Rf2 Ne4+  0-1

[Event "Eu Blitz Ch"]
[Site "Panormo GRE"]
[Date "2002.10.02"]
[Round "7"]
[White "Ehlvest,J"]
[Black "Movsesian,S"]
[Result "0-1"]
[WhiteElo "2600"]
[BlackElo "2651"]

1.e4 c5 2.Nf3 Nc6 3.d4 cxd4 4.Nxd4 Qc7 5.Nb5 Qb8 6.c4 Nf6 7.N5c3 e6 8.Be2 b6
9.Bg5 Bb7 10.a3 Be7 11.b4 O-O 12.Nd2 Qe5 13.Bxf6 Bxf6 14.Rc1 Nd4 15.O-O Bg5
16.Bd3 Bxd2 17.Qxd2 Nb3 18.Qe3 Nxc1 19.Rxc1 Rac8 20.f4 Qb8 21.Rf1 f6 22.Ne2 Qc7
23.Nd4 a6 24.Rf3 Rce8 25.Rg3 Rf7 26.e5 f5 27.h4 Ree7 28.h5 d6 29.exd6 Qxd6
30.h6 g6 31.Nf3 Bxf3 32.Qxf3 e5 33.c5 Qd4+ 34.Qf2 Qxf2+ 35.Kxf2 Rf6 36.Bc4+ Kf8
37.Rd3 bxc5 38.Rd8+ Re8 39.Rd7 Re7 40.Rd8+ Re8 41.Rd7 exf4 42.Rxh7 g5 43.bxc5 g4
44.c6 Rxc6 45.Rf7+ Kg8 46.Rc7+ Rxc4 47.Rxc4 Re4 48.Rc7 Ra4 49.Rg7+ Kh8 50.Rf7 Rxa3
51.Rxf5 Ra4 52.Rg5 g3+ 53.Kf3 Kh7 54.Rh5 a5 55.Rh4 Ra3+ 56.Kg4 Ra2 57.Kxf4 Ra4+
58.Kg5 Rxh4  0-1